Albums studios de Vitaa - Statistiques

Statistiques générales
  • Ce quiz a été pris 18 fois
  • Le résultat moyen est 6 sur 8
Statistiques - réponses
Année Titre % Correct
2007 À fleur de toi
100%
2023 Charlotte
92%
2019 VersuS
83%
2020 VersuS : Chapitre II
83%
2017 J4M
75%
2009 Celle que je vois
58%
2013 Ici et maintenant
50%
2021 Sorøre
50%
Aucun quiz correspondant
Distribution des résultats
% des personnes avec chaque résultat
Percentile par nombre de réponses
Votre historique - résultats
Vous n’avez pas pris ce quiz